Problems of the middle-aged /

Bibliographic Details
Main Author: Vedder, Clyde B. (Clyde Bennett), 1903-
Format: Book
Language:English
Published: Springfield, Ill. : C. C. Thomas, [1965]
Subjects:

MARC

Tag First Indicator Second Indicator Subfields
LEADER 00000cam a2200000 4500
001 in00000037639
005 20151007080529.0
008 730319s1965 b eng u
010 |a  64008485  
035 |a (OCoLC)00582532 
035 |9 AAF4966AM 
040 |c MIA  |d OCL  |d TXA  |d UtOrBLW 
049 |a TXAM  |c [466867] 
050 0 |a HQ1061  |b .V43 
082 0 |a 301.434 
090 |a HQ1061  |b .V43 1965 
092 |a 301.434  |b V451p 
100 1 |a Vedder, Clyde B.  |q (Clyde Bennett),  |d 1903- 
245 1 0 |a Problems of the middle-aged /  |c compiled by Clyde B. Vedder. 
264 1 |a Springfield, Ill. :  |b C. C. Thomas,  |c [1965] 
300 |a xiv,202 pages ;  |c 24 cm. 
336 |a text  |b txt  |2 rdacontent 
337 |a unmediated  |b n  |2 rdamedia 
338 |a volume  |b nc  |2 rdacarrier 
504 |a Bibliographical footnotes. 
650 0 |a Middle age. 
999 |a MARS 
999 f f |s 5bc257ae-b8e8-3993-ab50-1f61b178a519  |i 2fe13adb-85ce-386c-9c50-204fde338e92  |t 0 
952 f f |p ric  |a Texas A&M University  |b Rellis Campus  |c Joint Library Facility  |d Remote Storage  |t 0  |e HQ1061 .V43 1965  |h Library of Congress classification  |i unmediated -- volume  |m A14823939958 
998 f f |a HQ1061 .V43 1965  |t 0  |l Remote Storage